000 00819nam a22002177a 4500
999 _c943
_d943
003 AR-CdUCM
008 190225b ||||| |||| 00| 0 spa d
040 _aMUNICIPALIDAD PROVINCIAL DEL CUSCO
_cBIBLIOTECA MUNICIPAL DEL CUSCO
082 _22ed.
_a202 /
_bG984
100 _aGutiérrez, Gustavo
_93649
245 _aBeber en su Propio Pozo :
_bEn el Itinerario Espiritual de un Pueblo /
260 _aLima :
_bCentro de Estudios y Publicaciones,
_c1983.
300 _a207 paginas ;
_c27 cm.
505 _aComo cantar a Dios en tierra extraña -- Por aquí ya no hay camino -- Caminar según el Espíritu -- Libres para amar...
650 _aHijos de Dios
_93650
650 _aCongregaciones religiosas
_93651
650 _aHomilia
_93652
650 _aCristo
_93653
942 _2ddc
_cLIBROS
945 _awnts
_d2019-02-25